| 000 | 00905nam a22001937a 4500 | ||
|---|---|---|---|
| 999 |
_c61916 _d61916 |
||
| 003 | Ge_BSU | ||
| 005 | 20240607155423.0 | ||
| 008 | 240607s1972 ge ||||| |||| 00| 0 geo d | ||
| 041 | _ageo | ||
| 080 | _a614.2(479.22)(09) ს-96 | ||
| 100 |
_aსურმანიძე, რამაზ _922364 |
||
| 245 |
_aჯანმრთელობის დაცვის სათავეებთან / _cრამაზ სურმანიძე; რედ. ლ. ბეჟანიძე. |
||
| 264 |
_aბათუმი : _bსაბჭ. აჭარა, _c1972. |
||
| 300 |
_a119 გვ. : _bილ. ; _c20 სმ. |
||
| 653 | _aჯანმრთელობის დაცვის ისტორია საქართველოში | ||
| 653 | _aმედიცინა | ||
| 700 |
_aბეჟანიძე, ლ. _eრედაქტორი _93837 |
||
| 942 |
_2udc _cᲬᲘᲒᲜᲘ |
||